00388nam a2200181Ia 4500003000900000008004100009040001300050040001300063041000800076100002000084245004300104250001100147260001200158260000900170300001100179300001000190490000600200IT-RoPAU120407s9999 xx 000 0 und d aIT-RoPAU cIT-RoPAU aita aMario Trompetto aStoria del Santuario di Oropa. 3a. ed. aMilano aRicordi c1967 a135 p. c18 cm v1